S.O.S. /

Hlavní autor: Kub, Zdeněk, 1964-
Korporativní autor: Arakain (hudební skupina)
Další autoři: Mach, Miroslav, 1964-, Urban, Jiří, 1959-, Brichta, Aleš, 1959-
Jazyk: Čeština
Vydáno: Praha : Supraphon, 2024
Témata:
Fyzický popis: CD audio (58:02) ; 12 cm
Zvukové nahrávky
Uloženo v:
LEADER 02310njm a2200565 i 4500
001 001920339
003 CZ BrMZK
005 20250404100728.0
007 sd fungnnmmned
008 250106p20241996xr munng d n cze
015 |a cnb003661923  |z cnb003664155 
024 1 |a 099925693725 
028 0 1 |a SU 6937-2  |b Supraphon 
040 |a BOA001  |b cze  |e rda 
045 |a x9x9 
047 |a pp  |a rc 
072 7 |a 78.011.26  |x Populární hudba. Populární písně. Populární taneční hudba  |2 Konspekt  |9 9 
080 |a 78.03.011.26  |2 MRF 
080 |a 78.036.011.26  |2 MRF 
080 |a (086.76)  |2 MRF 
100 1 |a Kub, Zdeněk,  |d 1964-  |7 jo20010082260  |4 cmp  |4 itr 
245 1 0 |a S.O.S. /  |c Arakain 
264 1 |a Praha :  |b Supraphon,  |c 2024 
264 4 |c ℗1996 
300 |a CD audio (58:02) ;  |c 12 cm 
306 |a 005802 
336 |a hraná hudba  |b prm  |2 rdacontent 
337 |a audio  |b s  |2 rdamedia 
338 |a audiodisk  |b sd  |2 rdacarrier 
344 |a digital  |b optical  |g stereo  |2 rda 
347 |a audio soubor  |b CD audio  |2 rda 
500 |a Název z disku 
500 |a Společné autorství hudby u všech skladeb Zdeněk Kub, Miroslav Mach, Jiří Urban ; texty Aleš Brichta 
500 |a Texty písní (14 stran) v pouzdru 
505 0 0 |t To jsme my --  |t S.O.S. --  |t Páteční flám --  |t Třináctá komnata --  |t Loutky --  |t Adrian --  |t Schody nikam --  |t Hladit vlasy tvý --  |t Hanibal --  |t Hlas krve --  |t Blázni víry --  |t Tuším zradu --  |t Vládci strachu (bonus) --  |t Zapomenutej bojovník (bonus) --  |t Blázni víry (bonus) 
511 0 |a Arakain, hudební skupina 
518 |o Nahráno  |d 1995  |p studio Citron, Ostrava 
648 7 |a 1991-2000  |7 ch460587  |2 czenas 
650 0 7 |a populární hudba  |7 ph124352  |y 1991-2000  |2 czenas 
655 7 |a rock  |7 fd992602  |2 czenas 
655 7 |a heavy metal  |7 fd992615  |2 czenas 
655 7 |a kompaktní disky  |7 fd201991  |2 czenas 
700 1 |a Mach, Miroslav,  |d 1964-  |7 jo20010091953  |4 cmp  |4 itr  |4 sng 
700 1 |a Urban, Jiří,  |d 1959-  |7 jo20010082259  |4 cmp  |4 itr  |4 sng 
700 1 |a Brichta, Aleš,  |d 1959-  |7 jn20000400266  |4 lyr  |4 sng 
710 2 |a Arakain (hudební skupina)  |7 kn20010709235  |4 prf 
910 |a BOA001  |b CDR-1539.587 
990 |a AV 
991 |b 202504 
996 6 |b 2610995861  |c CDR-1539.587  |l MZK  |r Sklad / do 24 hodin  |n 0  |p p.v.  |w 001996532  |u 000010  |a 1  |e BOA001  |j MZK50  |s P